La sociología frente al reto de la globalización ideológica
Guardado en:
| Hovedforfatter: | |
|---|---|
| Format: | Texto |
| Udgivet: |
San Pedro de M. de O:
UCR. FCS. EAS
|
| Tags: |
Tilføj Tag
Ingen Tags, Vær først til at tagge denne postø!
|
MARC
| LEADER | 00000 a a2200000 04500 | ||
|---|---|---|---|
| 001 | 16613 | ||
| 003 | |||
| 040 | |||
| 090 | |a 028200 | ||
| 100 | |a Romero, Mayra | ||
| 245 | |a La sociología frente al reto de la globalización ideológica | ||
| 260 | |a San Pedro de M. de O: |b UCR. FCS. EAS | ||
| 300 | |a 14 p. | ||
| 999 | |c 11778 |d 11778 | ||
